How To Win Friends & Influence People/ (Record no. 195825)

MARC details
000 -LEADER
fixed length control field 00704nam a22002177a 4500
005 - DATE AND TIME OF LATEST TRANSACTION
control field 20241011151826.0
010 ## - LCCN (DPL NO)
LC control number ENG-136761 ENG--142124
020 ## - INTERNATIONAL STANDARD BOOK NUMBER
International Standard Book Number 9789357943246
Terms of availability 350.00
035 ## - SYSTEM CONTROL NUMBER
System control number EN-120293
035 ## - SYSTEM CONTROL NUMBER
System control number EN-125656
037 ## - SOURCE OF ACQUISITION
Source of stock number/acquisition DBAD/PUB
082 ## - DEWEY DECIMAL CLASSIFICATION NUMBER
Classification number 158.1
100 ## - MAIN ENTRY--PERSONAL NAME
Personal name Carnegie, Dale
245 ## - TITLE STATEMENT
Title How To Win Friends & Influence People/
Statement of responsibility, etc By Dale Carnegie
250 ## - EDITION STATEMENT
Edition statement First
260 ## - PUBLICATION, DISTRIBUTION, ETC. (IMPRINT)
Place of publication, distribution, etc New Delhi
Name of publisher, distributor, etc V & S Publishers
270 ## - ADDRESS
Address F-2/16, Ansari Road, Darya Ganj
City New Delhi
Postal code 110002
Telephone number 23240026
-- 23240027
-- 23240028
Electronic mail address info@vspublishers.com
300 ## - PHYSICAL DESCRIPTION
Extent 218p.;
Dimensions 21m(pbk)
500 ## - GENERAL NOTE
General note Over A Million Copies Sold Worldwide
942 ## - ADDED ENTRY ELEMENTS (KOHA)
Source of classification or shelving scheme Dewey Decimal Classification
Item type English Books
Classification part 158.1
Call number suffix CAR
Holdings
Withdrawn status Lost status Not for loan Collection code Home library Current library Date acquired Source of acquisition Cost, normal purchase price Full call number Barcode Copy number Cost, replacement price Koha item type
    Not For Loan Non-fiction Kadipur Kadipur 11/10/2024 Delivery of Books Act Division 350.00 158.1 CAR EN-125656 1 350.00 English Books
      Non-fiction Shahdara Branch Shahdara Branch 03/05/2023 DBAD/PUB 350.00 158.1 CAR EN-120293 1 350.00 English Books

© Delhi Public Library
Hit Counter
free hit counter